Etiqueta de registo: 00379nas 2200205 450
001 2284587
003 http://id.bnportugal.gov.pt/bib/catbnp/2284587
021 ## $aPT$b555699/25
100 ## $a20260416e20251957m y0pory01030103ba
101 0# $apor
102 ## $aPT
106 ## $ar
110 ## $aayyzz 0uu0
200 1# $aNotícias do bloqueio$efascículos de poesia$fdir. literária Egito Gonçalves... [et al.]$gpref. António Carlos Cortez
205 ## $aEd. fac-similada
207 #0 $aNº 1 ([1957]) - nº 9 (mar. 1962) ;$aNº 10 (nov. 2025)
210 #9 $aPorto$cAssociação dos Jornalistas e Homens de Letras do Porto$d2025
215 ## $d17 cm
324 ## $aEd. facsímile de publicação em série de: Porto : [s.n., 1957]-1962
326 ## $aPeriodicidade irregular
455 #1 $100160253$tNotícias do bloqueio fascículos de poesia$cPorto$b[s.n.],$d[D.L. 1957]-1962
620 ## $dPorto
702 #1 $aCortês$bAntónio Carlos$f1976-$4080$3954367
801 #0 $aPT$bBN$gRPC
856 41 $uhttp://rnod.bnportugal.gov.pt/ImagesBN/winlibimg.aspx?skey=&doc=2284587&img=221400&save=true
966 ## $lBN$mFGREV$sP.P. 8393 P.
966 ## $lBN$mFGREV$sP.P. 8393 P.-D $x1
971 ## $cssilva$d20260416